| 000 | 00000nam##2200000za#4500 |
| 001 | 9.569516 |
| 003 | CaOODSP |
| 005 | 20210624181815 |
| 007 | cr ||||||||||| |
| 008 | 150406|1993||||xxc|||||o f|0| 0 eng|d |
| 040 | |aCaOODSP|beng |
| 043 | |an-cn--- |
| 086 | 1 |aNH18-1/80-1993E-PDF |
| 110 | 2 |aCanada Mortgage and Housing Corporation. |
| 245 | 10|aEfficient and effective residential air handling devices : |h[electronic resource]|bfinal report |
| 260 | |aOttawa - Ontario : |bCanada Mortgage and Housing Corporation |c1993. |
| 300 | |a144p.|bfigs., glossary, graphs, tables |
| 490 | 1 |aResearch report |
| 504 | |aBibliography. |
| 546 | |a(Résumé en français.) |
| 590 | |a11-05-Supp|b2011-03-15 |
| 830 | #0|aResearch report (Canada Mortgage and Housing Corporation : Online)|w(CaOODSP)9.506068 |
| 856 | 40|ahttp://publications.gc.ca|qPDF|s1.37 MB|uhttps://publications.gc.ca/collections/collection_2011/schl-cmhc/nh18-1/NH18-1-80-1993-eng.pdf |